1 Kwietnia - Prima Aprilis - Statystyki

Ogólne statystyki
  • Ten quiz został rozwiązany 29 razy
    18 od ostatniego zresetowania
  • Średni wynik to 6 z 9
Answers on the Grid
Answers color-coded by a green-red scale on the quiz's grid according to % correct below.
Ej! Masz dziś coś na twarzy!
Ej! Patrz! Kot Ci umarł!
Ej! Spójrz! Słoń chodzi po domu!
Ej! Uciekł Ci chomik!
Ej! Co ty masz inne skarpetki?
Ej! Masz dziś brzydkie buty! Hahahaha
Ej! Masz kapelusz na sobie!
Ej! Ty jesteś tak głupi, że nic w życiu nie osiągniesz!
Ej! Dziś lecimy na Hawaje!
Ej! Jesteś taką ofermą, że nikt Cię nie lubi!
Ej! Nie mamy dzisiaj lekcji!
Ej! Będziemy dziś pisać kartkówkę!
Ej! Zobacz Spiderman leci!
Ej! coś Ci wypadło!
Ej! Osa Cię urządliła!
Ej! Masz dziś różową sukienkę!
Hahaha! Jesteś kujonem!
Ej! To ty kogoś masz?
 
Statystyki odpowiedzi
Odpowiedź % Poprawnych
Ej! Spójrz! Słoń chodzi po domu!
92%
Ej! Masz dziś coś na twarzy!
77%
Ej! Masz kapelusz na sobie!
77%
Ej! Nie mamy dzisiaj lekcji!
77%
Ej! Zobacz Spiderman leci!
69%
Ej! Co ty masz inne skarpetki?
62%
Ej! Dziś lecimy na Hawaje!
62%
Ej! Masz dziś różową sukienkę!
46%
Ej! To ty kogoś masz?
23%
Nie znaleziono quizów pasujących do podanych kryteriów
Rozkład punktacji
Procent ludzi z każdym wynikiem
Percentyl według liczby udzielonych odpowiedzi
Twoja historia wyników
Nie rozwiązałeś tego quizu od ostatniego zresetowania